000 00301nam a2200121Ia 4500
008 190216s9999||||xx |||||||||||||| ||und||
100 _aShankara Kurup G
245 0 _aMalayalam-Perunthachanum Chandanakattilum
260 _bPoorna Pubs Kozhikode
300 _a61
650 _aMalayalam
942 _cBK
999 _c26916
_d26916